Statistiken für Präsidenten des Deutschen Bundestages

Klicken Sie hier um das Quiz zu spielen!

Allgemein

  • Dieses Quiz wurde 236 mal gespielt
    (112 seit der letzten Aktualisierung)
  • Das Durchschnittsergebnis liegt bei 5 aus 14

Antwortstatistiken

FraktionAmteszeitPräsident*in% Korrekt
CDU/CSU2017-2021Wolfgang Schäuble
91%
SPD2021-Bärbel Bas
70%
CDU/CSU2005-2017Norbert Lammert
63%
CDU/CSU1988-1998Rita Süssmuth
45%
SPD1998-2005Wolfgang Thierse
44%
SPD1972-1976Annemarie Renger
31%
CDU/CSU1976-1979Karl Carstens
24%
CDU/CSU1984-1988Philipp Jenninger
22%
CDU/CSU1983-1984Rainer Barzel
21%
CDU/CSU1954-1969Eugen Gerstenmaier
20%
CDU/CSU1979-1983Richard Stücklen
20%
CDU/CSU1969-1972Kai-Uwe von Hassel
18%
CDU/CSU1949-1950Erich Köhler
11%
CDU/CSU1950-1954Hermann Ehlers
11%

Verteilung der Resultate

Perzentil nach korrekt beantworteten Fragen

Anzahl Personen mit jedem Resultat

Ihre Resultats-Entwicklung

Sie haben dieses Quiz seit der letzten Aktualisierung nicht gespielt